[Event "e2e4.org.uk Bedford Open"]
[Site "Park Inn Hotel, Bedford, Engla"]
[Date "2013.09.20"]
[Round "1"]
[White "Gormally, Daniel W"]
[Black "Mangione, Claudio"]
[Result "1-0"]
[WhiteElo "2512"]
[BlackElo "2146"]
[PlyCount "57"]
[EventDate "2013.??.??"]

1. d4 g6 2. e4 Bg7 3. Nf3 d6 4. Bc4 e6 5. O-O Ne7 6. Bb3 O-O 7. Qe2 Nd7 8. Rd1
h6 9. h4 b6 10. Nbd2 Bb7 11. Nf1 Nf6 12. Ng3 d5 13. exd5 exd5 14. Ne5 Ne4 15.
Nxe4 dxe4 16. c3 Qc8 17. h5 gxh5 18. Qxh5 Qf5 19. Qh2 Rad8 20. Bxh6 Rd6 21. Be3
Nd5 22. Qg3 Re8 23. c4 Nxe3 24. fxe3 c5 25. Rf1 Qh7 26. Rxf7 Rxe5 27. Rxb7 Rg6
28. Rb8+ Kf7 29. Qf4+ 1-0

[Event "e2e4.org.uk Bedford Open"]
[Site "Park Inn Hotel, Bedford, Engla"]
[Date "2013.09.20"]
[Round "1"]
[White "Burrows, Martin P"]
[Black "Wells, Peter K"]
[Result "0-1"]
[WhiteElo "2142"]
[BlackElo "2485"]
[PlyCount "112"]
[EventDate "2013.??.??"]

1. e4 e5 2. Nf3 Nc6 3. Bb5 a6 4. Ba4 Nf6 5. O-O Be7 6. Re1 b5 7. Bb3 d6 8. c3
O-O 9. h3 Nb8 10. d4 Nbd7 11. Nbd2 Bb7 12. Bc2 Re8 13. Nf1 Bf8 14. Ng3 g6 15.
a4 c5 16. d5 c4 17. Nh2 Bg7 18. Kh1 h5 19. Bg5 Qb6 20. Qd2 Nh7 21. Be3 Nc5 22.
axb5 axb5 23. Rxa8 Rxa8 24. f4 exf4 25. Bxf4 Ra2 26. Bb1 Ra1 27. Nf3 b4 28.
cxb4 Nb3 29. Qe2 Qxb4 30. e5 Bxd5 31. exd6 Bxf3 32. gxf3 Nf8 33. Rg1 c3 34. Be5
Bxe5 35. Qxe5 Rxb1 36. Rxb1 c2 37. Rg1 c1=Q 38. Rxc1 Nxc1 39. Ne4 Nd3 40. Nf6+
Kh8 41. Qe7 Qe1+ 42. Qxe1 Nxe1 43. b4 Nxf3 44. b5 Ne5 45. Kg2 Nfd7 46. Ne8 g5
47. Kf2 f5 48. Ke3 f4+ 49. Ke4 f3 50. Ke3 g4 51. hxg4 hxg4 52. b6 g3 53. b7 g2
54. Kf2 Nd3+ 55. Kg1 Nf4 56. Nf6 Nh3+ 0-1

[Event "e2e4.org.uk Bedford Open"]
[Site "Park Inn Hotel, Bedford, Engla"]
[Date "2013.09.20"]
[Round "1"]
[White "Williams, Simon K"]
[Black "Walton, Alan J"]
[Result "1-0"]
[WhiteElo "2469"]
[BlackElo "2138"]
[PlyCount "47"]
[EventDate "2013.??.??"]

1. d4 d5 2. c4 e6 3. Nc3 c6 4. Nf3 dxc4 5. Bg5 Be7 6. Bxe7 Qxe7 7. e4 b5 8. e5
Nh6 9. Ne4 O-O 10. Qd2 Nd7 11. O-O-O a5 12. g4 c5 13. Nd6 Rb8 14. dxc5 Nxc5 15.
Nd4 Bb7 16. Rg1 Ne4 17. Qf4 Nxd6 18. exd6 Qd7 19. Bh3 b4 20. g5 Nf5 21. Bxf5
exf5 22. Nxf5 c3 23. Qe5 f6 24. gxf6 1-0

[Event "e2e4.org.uk Bedford Open"]
[Site "Park Inn Hotel, Bedford, Engla"]
[Date "2013.09.20"]
[Round "1"]
[White "Roberson, Peter T"]
[Black "Burgin, Ryan"]
[Result "1-0"]
[WhiteElo "2384"]
[BlackElo "2055"]
[PlyCount "113"]
[EventDate "2013.??.??"]

1. e4 e5 2. Nf3 Nc6 3. Bb5 g6 4. O-O Bg7 5. c3 a6 6. Ba4 d6 7. d4 Bd7 8. Re1
Nf6 9. d5 Ne7 10. c4 O-O 11. Nc3 h6 12. b4 Bxa4 13. Nxa4 Nd7 14. c5 b5 15. cxb6
cxb6 16. Nc3 f5 17. Nd2 Nf6 18. a4 Rc8 19. Bb2 Qd7 20. f3 f4 21. Qe2 Qb7 22.
Rec1 g5 23. Nd1 h5 24. Rxc8 Rxc8 25. Rc1 Rxc1 26. Bxc1 g4 27. Nc4 b5 28. axb5
Qxb5 29. Ba3 Nfxd5 30. exd5 Qxd5 31. Bb2 gxf3 32. gxf3 Nf5 33. Nb6 Qb7 34. Qc4+
Kh7 35. Nd5 Qf7 36. Kf1 Kh6 37. Qe4 Qg6 38. Nf2 Qf7 39. Bc1 Kh7 40. Nh3 Kh8 41.
Bd2 Bh6 42. Nf2 Qg6 43. Nc7 Qg5 44. Nxa6 Ne3+ 45. Bxe3 fxe3 46. Nh3 e2+ 47.
Qxe2 Qf5 48. Nf2 Qb1+ 49. Nd1 Bf4 50. b5 Bxh2 51. Nc7 h4 52. Nd5 Bg3 53. Kg2
Qb3 54. N1e3 Qb1 55. Nf6 Qg6 56. Neg4 Bf4 57. Qe4 1-0

[Event "e2e4.org.uk Bedford Open"]
[Site "Park Inn Hotel, Bedford, Engla"]
[Date "2013.09.20"]
[Round "1"]
[White "Molofej, Denis"]
[Black "Slavin, Alexey"]
[Result "0-1"]
[WhiteElo "2053"]
[BlackElo "2366"]
[PlyCount "62"]
[EventDate "2013.??.??"]

1. e4 c5 2. c3 d5 3. exd5 Qxd5 4. d4 g6 5. dxc5 Qxc5 6. Be3 Qa5 7. Na3 Nc6 8.
Nc4 Qc7 9. Qa4 Nf6 10. Rd1 Be6 11. Bb6 Qc8 12. Rd8+ Qxd8 13. Bxd8 Rxd8 14. Ne5
Bh6 15. Ngf3 O-O 16. Nxc6 bxc6 17. Be2 Rb8 18. b4 Nd5 19. Qc2 Bg7 20. O-O Nxc3
21. a3 Rfd8 22. Re1 c5 23. Bf1 cxb4 24. axb4 Rxb4 25. Ne5 Bxe5 26. Rxe5 Rd1 27.
Rxe6 Rbb1 28. h4 Rxf1+ 29. Kh2 Rfc1 30. Qd2 fxe6 31. h5 Rh1+ 0-1

[Event "e2e4.org.uk Bedford Open"]
[Site "Park Inn Hotel, Bedford, Engla"]
[Date "2013.09.20"]
[Round "1"]
[White "Sowray, Peter J"]
[Black "Macreamoinn, Brian"]
[Result "1-0"]
[WhiteElo "2341"]
[BlackElo "2024"]
[PlyCount "79"]
[EventDate "2013.??.??"]

1. d4 d5 2. c4 e6 3. Nc3 f5 4. Bf4 c6 5. Nf3 Nf6 6. e3 Be7 7. Bd3 O-O 8. h3 Kh8
9. Qe2 a5 10. g4 dxc4 11. Bxc4 b5 12. Bd3 b4 13. Na4 Ba6 14. Bxa6 Nxa6 15. Rc1
Nd5 16. Bh2 Qe8 17. Ne5 Bh4 18. O-O Nb8 19. Nc5 Ra7 20. Nf3 g5 21. Be5+ Nf6 22.
Kh1 h6 23. Bxb8 Qxb8 24. Nxe6 Re8 25. gxf5 Qd6 26. Qc4 Rc8 27. Qc5 Qxc5 28.
Nxc5 Re7 29. Ne5 Kh7 30. Kg2 h5 31. Ne6 Ne4 32. d5 c5 33. Nc4 g4 34. hxg4 Rg8
35. f3 Ng3 36. Rh1 Nxh1 37. Rxh1 Bg5 38. Rxh5+ Bh6 39. Kf2 Rd7 40. g5 1-0

[Event "e2e4.org.uk Bedford Open"]
[Site "Park Inn Hotel, Bedford, Engla"]
[Date "2013.09.20"]
[Round "1"]
[White "Amato, Giampiero"]
[Black "Eggleston, David J"]
[Result "0-1"]
[WhiteElo "2015"]
[BlackElo "2337"]
[PlyCount "62"]
[EventDate "2013.??.??"]

1. e4 c5 2. Nf3 d6 3. d4 cxd4 4. Nxd4 Nf6 5. Nc3 a6 6. f4 e5 7. Nf3 Nbd7 8. Bc4
Be7 9. O-O O-O 10. Kh1 b5 11. Bb3 Bb7 12. Qe2 Rc8 13. Nd5 Nc5 14. Nxf6+ Bxf6
15. fxe5 Bxe5 16. Nxe5 dxe5 17. Qg4 Bxe4 18. Bg5 Qc7 19. Rae1 Bg6 20. Bd5 Kh8
21. c3 Nd3 22. Re2 f5 23. Qh4 Rce8 24. Bf3 e4 25. Bh5 Bxh5 26. Qxh5 f4 27. Rd2
Qe5 28. Qg4 h6 29. Bh4 Qd5 30. Qe2 Qxa2 31. h3 Qe6 0-1

[Event "e2e4.org.uk Bedford Open"]
[Site "Park Inn Hotel, Bedford, Engla"]
[Date "2013.09.20"]
[Round "1"]
[White "Calvert, D Ian"]
[Black "Chapman, Terry P D"]
[Result "0-1"]
[WhiteElo "1985"]
[BlackElo "2312"]
[PlyCount "108"]
[EventDate "2013.??.??"]

1. Nf3 Nf6 2. b3 g6 3. Bb2 Bg7 4. g3 O-O 5. Bg2 d6 6. d4 Nbd7 7. c4 e5 8. dxe5
Ng4 9. O-O Re8 10. Nc3 dxe5 11. e4 Bf8 12. h3 Nh6 13. Qe2 c6 14. Rad1 Qc7 15.
Nh2 Nc5 16. Qe3 a5 17. Ba3 Qb6 18. Bxc5 Qxc5 19. Qxc5 Bxc5 20. Na4 Ba7 21. c5
f6 22. Nf3 Nf7 23. Nd2 Ng5 24. Kh2 Ne6 25. Rc1 Rd8 26. Rfd1 Kf8 27. Nb6 Bxb6
28. cxb6 Ke7 29. Nc4 Nd4 30. f4 exf4 31. gxf4 Ne2 32. Rxd8 Kxd8 33. Rd1+ Ke7
34. f5 Nc3 35. Re1 Nxa2 36. fxg6 hxg6 37. e5 f5 38. Ra1 Nb4 39. Rxa5 Rxa5 40.
Nxa5 Kd8 41. Nc4 Nd3 42. h4 Nc5 43. b4 Nd3 44. b5 cxb5 45. Nd6 Nxe5 46. Bxb7
Bxb7 47. Nxb7+ Kd7 48. Na5 Nc4 49. Nb3 Nxb6 50. Kg3 Na4 51. Nd4 b4 52. Kf3 Kd6
53. h5 gxh5 54. Nxf5+ Ke5 0-1

[Event "e2e4.org.uk Bedford Open"]
[Site "Park Inn Hotel, Bedford, Engla"]
[Date "2013.09.20"]
[Round "1"]
[White "Merry, Alan B"]
[Black "Savage, Nicholas W"]
[Result "0-1"]
[WhiteElo "2310"]
[BlackElo "1982"]
[PlyCount "53"]
[EventDate "2013.??.??"]

1. c4 e5 2. g3 c6 3. d4 e4 4. Nc3 d5 5. cxd5 cxd5 6. Qb3 Nc6 7. Qxd5 Qxd5 8.
Nxd5 Nxd4 9. Nc7+ Kd8 10. Nxa8 Nc2+ 11. Kd1 Nxa1 12. Bf4 Be6 13. b3 Nxb3 14.
axb3 Bxb3+ 15. Kc1 Ba3+ 16. Kb1 Nf6 17. Bg2 Nd5 18. Be5 Kd7 19. Bxe4 Rxa8 20.
Bxg7 f6 21. Bxh7 Ke7 22. Bf5 Rd8 23. Nf3 Nc3+ 24. Ka1 Rd5 25. Rb1 Ra5 26. Rxb3
Bc1+ 27. Ra3 0-1

[Event "e2e4.org.uk Bedford Open"]
[Site "Park Inn Hotel, Bedford, Engla"]
[Date "2013.09.20"]
[Round "1"]
[White "Jaszkiwskyj, Peter"]
[Black "Ledger, Dave J"]
[Result "0-1"]
[WhiteElo "1979"]
[BlackElo "2288"]
[PlyCount "58"]
[EventDate "2013.??.??"]

1. d4 Nf6 2. Nf3 g6 3. Bf4 Bg7 4. e3 O-O 5. Bd3 d6 6. h3 Nfd7 7. O-O e5 8. Bg5
Qe8 9. Bc4 h6 10. Bh4 g5 11. Bg3 Kh8 12. Nc3 Nb6 13. Bb3 Nc6 14. a4 a5 15. Nb5
Qe7 16. Qd2 f5 17. Rfe1 Bf6 18. Qc3 Qg7 19. Rad1 f4 20. exf4 gxf4 21. Bh4 Bxh3
22. g3 Bg4 23. Rd3 fxg3 24. Bxg3 Bxf3 25. Rxf3 exd4 26. Qd2 Ne5 27. Rf5 Bh4 28.
Nxd4 Bxg3 29. Ne6 Bxf2+ 0-1

[Event "e2e4.org.uk Bedford Open"]
[Site "Park Inn Hotel, Bedford, Engla"]
[Date "2013.09.20"]
[Round "1"]
[White "Player, Edmund C"]
[Black "Davison, Chris"]
[Result "1-0"]
[WhiteElo "2253"]
[BlackElo "1927"]
[PlyCount "119"]
[EventDate "2013.??.??"]

1. e4 e5 2. Nf3 Nc6 3. Nc3 Nf6 4. g3 d6 5. Bg2 Be7 6. O-O O-O 7. d3 h6 8. Ne1
Bg4 9. f3 Bh5 10. g4 Bg6 11. Be3 Qd7 12. Ne2 d5 13. c4 dxc4 14. dxc4 Qe6 15. b3
Rfd8 16. Qc1 Nh7 17. Nc3 Bg5 18. Nd5 Rac8 19. Bxg5 hxg5 20. Qa3 f6 21. b4 Qd6
22. c5 Qf8 23. Nc2 a6 24. Rfd1 Rd7 25. Bf1 Na7 26. Nce3 Rcd8 27. Bc4 Bf7 28.
Qb3 g6 29. Nc3 c6 30. Bxf7+ Qxf7 31. Qxf7+ Kxf7 32. Nc4 Rxd1+ 33. Rxd1 Rxd1+
34. Nxd1 Nb5 35. Kf2 Ke6 36. Na5 f5 37. gxf5+ gxf5 38. exf5+ Kxf5 39. Nxb7 Nf6
40. Ne3+ Ke6 41. Nd8+ Kd7 42. Nf7 e4 43. Nxg5 exf3 44. Kxf3 Nc3 45. a3 Nb5 46.
Nc4 Nd5 47. h4 Ke7 48. Ne4 Ke6 49. Ned6 Nbc7 50. Na5 Ne7 51. Ndb7 Kd5 52. Nd6
Ne6 53. Kg4 Ng7 54. h5 Nxh5 55. Kxh5 Kd4 56. Kg5 Kc3 57. Kf6 Nd5+ 58. Ke5 Nxb4
59. axb4 Kxb4 60. Ndb7 1-0

[Event "e2e4.org.uk Bedford Open"]
[Site "Park Inn Hotel, Bedford, Engla"]
[Date "2013.09.20"]
[Round "1"]
[White "Sisoev, Robert"]
[Black "Jackson, James P"]
[Result "0-1"]
[WhiteElo "1791"]
[BlackElo "2231"]
[PlyCount "66"]
[EventDate "2013.??.??"]

1. e4 c5 2. Nc3 Nc6 3. g3 g6 4. Bg2 Bg7 5. d3 d6 6. Be3 e5 7. f4 Nge7 8. Nf3
O-O 9. O-O b6 10. h3 Rb8 11. g4 f5 12. gxf5 gxf5 13. Nh4 fxe4 14. dxe4 Bf6 15.
Qh5 Qe8 16. Qg4+ Ng6 17. Nd5 Bg7 18. Qg5 exf4 19. Bxf4 Nxf4 20. Nxf4 Qe5 21.
Nf5 Bxf5 22. exf5 Rxf5 23. Qh4 Ne7 24. Rae1 Qd4+ 25. Kh1 Ng6 26. Nxg6 hxg6 27.
Qg3 Rxf1+ 28. Rxf1 Rf8 29. Qxg6 Rxf1+ 30. Bxf1 Kf8 31. Qf5+ Ke7 32. Qc8 Qe4+
33. Bg2 Qe1+ 0-1

[Event "e2e4.org.uk Bedford Open"]
[Site "Park Inn Hotel, Bedford, Engla"]
[Date "2013.09.20"]
[Round "1"]
[White "Eames, Robert S"]
[Black "Collins, Andrew"]
[Result "1-0"]
[WhiteElo "2223"]
[BlackElo "1737"]
[PlyCount "63"]
[EventDate "2013.??.??"]

1. e4 e5 2. f4 exf4 3. Nf3 d5 4. exd5 Qxd5 5. Nc3 Qd8 6. d4 Be7 7. Bxf4 Nf6 8.
Bc4 O-O 9. O-O b6 10. Qd3 Bb7 11. Rad1 Nc6 12. a3 a6 13. b4 Nb8 14. Ne5 Nd5 15.
Nxd5 Bxd5 16. Bxd5 Qxd5 17. c4 Qd8 18. Qe4 Ra7 19. Rd3 f5 20. Qf3 Bf6 21. Rfd1
a5 22. b5 Qe7 23. Re3 Qd8 24. d5 Bxe5 25. Bxe5 Nd7 26. Bd4 Qg5 27. Qe2 f4 28.
Re7 Nf6 29. d6 Rf7 30. Qe6 Qh5 31. Re8+ Nxe8 32. Qxe8+ 1-0

[Event "e2e4.org.uk Bedford Open"]
[Site "Park Inn Hotel, Bedford, Engla"]
[Date "2013.09.20"]
[Round "1"]
[White "Llewellyn, Alan M"]
[Black "Harvey, Marcus R"]
[Result "0-1"]
[WhiteElo "1590"]
[BlackElo "2207"]
[PlyCount "46"]
[EventDate "2013.??.??"]

1. c4 e6 2. Nc3 d5 3. e3 Nf6 4. d4 b6 5. g3 c6 6. cxd5 exd5 7. Nge2 h5 8. h3
Bf5 9. Bg2 Qd7 10. h4 Na6 11. O-O Bd6 12. Re1 Nb4 13. e4 dxe4 14. Nxe4 Nxe4 15.
Nc3 O-O 16. Bxe4 Rae8 17. Bd2 Bg4 18. Bf3 Bxf3 19. Qxf3 Nc2 20. Rxe8 Rxe8 21.
Rc1 Nxd4 22. Qxh5 g6 23. Qg4 Qxg4 0-1

[Event "e2e4.org.uk Bedford Open"]
[Site "Park Inn Hotel, Bedford, Engla"]
[Date "2013.09.20"]
[Round "1"]
[White "Gardner, Phillip K"]
[Black "Wynarczyk, Raymond"]
[Result "1/2-1/2"]
[WhiteElo "1770"]
[BlackElo "1958"]
[PlyCount "53"]
[EventDate "2013.??.??"]

1. e4 c5 2. c3 d5 3. exd5 Qxd5 4. d4 Nc6 5. Nf3 Bg4 6. Be2 e6 7. O-O Nf6 8. Be3
cxd4 9. cxd4 Be7 10. Nc3 Qa5 11. Qb3 Qb4 12. Qc2 Rd8 13. a3 Qa5 14. Rad1 O-O
15. h3 Bh5 16. Rd2 Rd7 17. Rfd1 Rfd8 18. Qb3 Nd5 19. Nxd5 Qxd5 20. Qxd5 Rxd5
21. g4 Bg6 22. Bc4 R5d7 23. d5 exd5 24. Bxd5 Rxd5 25. Rxd5 Rxd5 26. Rxd5 Be4
27. Rd7 1/2-1/2

[Event "e2e4 Bedford FIDE Open"]
[Site "?"]
[Date "2013.09.21"]
[Round "2.1"]
[White "Chapman, Terry P D"]
[Black "Gormally, Daniel W"]
[Result "1/2-1/2"]
[WhiteElo "2312"]
[BlackElo "2512"]
[PlyCount "128"]
[EventDate "2013.??.??"]

1. Nf3 Nf6 2. c4 g6 3. d4 Bg7 4. g3 O-O 5. Bg2 c5 6. Nc3 cxd4 7. Nxd4 Qc7 8. b3
d5 9. O-O dxc4 10. Ncb5 Qd7 11. bxc4 a6 12. Qa4 axb5 13. Qxa8 Qxd4 14. Be3 Qxc4
15. Rac1 Qxe2 16. Rfe1 Qh5 17. Qxb8 Be6 18. Qxb7 Ng4 19. h4 Nxe3 20. Rxe3 Bd4
21. Re4 Bd5 22. Qxb5 Bxe4 23. Qxh5 gxh5 24. Bxe4 Rb8 25. Rc2 Kg7 26. Kg2 Rb4
27. Bd5 Bb6 28. Bf3 Rb5 29. a4 Ra5 30. Rc6 Bd4 31. Rc4 Bb6 32. Rb4 Bc7 33. Be2
Bd6 34. Re4 f5 35. Rc4 Kg6 36. Bf3 Ra6 37. Bc6 Rb6 38. Be8+ Kf6 39. Bb5 Rb8 40.
f4 Ke6 41. Rc2 Ra8 42. Bc6 Ra5 43. Re2+ Kf6 44. Bb5 Ra8 45. Bd7 Rd8 46. Be6 Ra8
47. Bd7 Ra7 48. Be8 e5 49. Rd2 Ke7 50. fxe5 Bxe5 51. Bb5 Ke6 52. Rd3 f4 53.
gxf4 Bxf4 54. Kf3 Be5 55. Bc4+ Kf5 56. Bb5 Rg7 57. a5 Rg3+ 58. Kf2 Rxd3 59.
Bxd3+ Kg4 60. Bxh7 Bc7 61. a6 Bb6+ 62. Kg2 Kxh4 63. Bg6 Kg5 64. Bxh5 Kf4
1/2-1/2

[Event "e2e4 Bedford FIDE Open"]
[Site "?"]
[Date "2013.09.21"]
[Round "2.3"]
[White "Ledger, Dave J"]
[Black "Williams, Simon K"]
[Result "0-1"]
[WhiteElo "2288"]
[BlackElo "2469"]
[PlyCount "72"]
[EventDate "2013.??.??"]

1. e4 c5 2. Nf3 d6 3. d4 cxd4 4. Nxd4 Nf6 5. Nc3 a6 6. Be3 e6 7. f3 b5 8. Qd2
Nbd7 9. g4 Nb6 10. Bd3 Bb7 11. O-O-O Be7 12. Kb1 b4 13. Nce2 d5 14. e5 Ne4 15.
fxe4 dxe4 16. Rhf1 exd3 17. Qxd3 O-O 18. Nf4 Nd5 19. Bc1 Qb6 20. Nh5 a5 21. Qh3
Ba6 22. Rf3 Nc3+ 23. bxc3 bxc3+ 24. Nb3 a4 25. Nf6+ Bxf6 26. exf6 axb3 27. cxb3
Be2 28. fxg7 Rfc8 29. Rd7 Qa5 30. a4 Qb4 31. Kc2 Qe4+ 32. Rfd3 Rxa4 33. Qe3
Bxd3+ 34. Qxd3 Ra2+ 35. Kb1 Qa8 36. Bh6 Ra1+ 0-1

[Event "e2e4 Bedford FIDE Open"]
[Site "?"]
[Date "2013.09.21"]
[Round "2.4"]
[White "Jackson, James P"]
[Black "Hunt, Adam C"]
[Result "1-0"]
[WhiteElo "2231"]
[BlackElo "2426"]
[PlyCount "77"]
[EventDate "2013.??.??"]

1. e4 c5 2. d4 cxd4 3. c3 Nf6 4. e5 Nd5 5. Nf3 e6 6. cxd4 d6 7. a3 Nc6 8. Bd3
Be7 9. O-O O-O 10. Qc2 g6 11. Rd1 Bd7 12. Bh6 Re8 13. Nc3 Nxc3 14. Qxc3 Rc8 15.
Qd2 f5 16. exd6 Bxd6 17. Bc4 Ne7 18. Rac1 Nd5 19. Bxd5 exd5 20. Bf4 Bf8 21. Be5
Qb6 22. Rxc8 Rxc8 23. Rc1 Rxc1+ 24. Qxc1 Bb5 25. h4 Be2 26. Ng5 Qc6 27. Qd2 Ba6
28. Nh3 Bg7 29. Qg5 Qe8 30. Bxg7 Kxg7 31. Nf4 Kf7 32. h5 Qc6 33. Qh6 gxh5 34.
Qxh7+ Ke8 35. Qxh5+ Kd8 36. Qh8+ Kd7 37. Qe5 Bc4 38. Qxf5+ Kc7 39. g4 1-0

[Event "e2e4 Bedford FIDE Open"]
[Site "?"]
[Date "2013.09.21"]
[Round "2.7"]
[White "Savage, Nicholas W"]
[Black "Sowray, Peter J"]
[Result "0-1"]
[WhiteElo "1982"]
[BlackElo "2341"]
[PlyCount "160"]
[EventDate "2013.??.??"]

1. d4 Nf6 2. c4 e6 3. Nf3 b6 4. g3 Ba6 5. Qc2 Bb4+ 6. Bd2 Be7 7. Bg2 O-O 8. O-O
c6 9. Bf4 d5 10. Nbd2 Nbd7 11. Rfd1 Rc8 12. Qa4 Bxc4 13. Nxc4 b5 14. Qxa7 bxc4
15. Qa4 Qb6 16. Qc2 c5 17. e3 h6 18. Be5 Ne4 19. dxc5 Bxc5 20. Bd4 Rb8 21. Rab1
Qa5 22. b3 Rfc8 23. bxc4 Rxb1 24. Rxb1 Bxd4 25. Nxd4 Rxc4 26. Qb2 Nc3 27. Ra1
Nb6 28. Bf1 Rc8 29. Bd3 e5 30. Nf5 Qc5 31. Bf1 d4 32. exd4 exd4 33. Bd3 Re8 34.
Qd2 Nc4 35. Qf4 Ne5 36. Re1 Nf3+ 37. Qxf3 Rxe1+ 38. Kg2 Qd5 39. Nxd4 Qxf3+ 40.
Kxf3 Nxa2 41. h4 Nc3 42. Ne2 Nxe2 43. Bxe2 Kf8 44. Bd3 Ke7 45. Bc4 f6 46. Bd3
Kd6 47. Bg6 Ke5 48. Kg4 Ra1 49. Bf7 f5+ 50. Kf3 Ra3+ 51. Kg2 Rc3 52. Bh5 Ke4
53. Bg6 Rc6 54. Bh5 Rc3 55. Bg6 Ke5 56. Bh5 f4 57. Bf3 Rc2 58. Bd1 Rd2 59. Bg4
fxg3 60. Kxg3 Rd3+ 61. f3 Rd4 62. Bc8 Rc4 63. Bb7 Rf4 64. Bc6 Rf6 65. Be4 Kd4
66. Kg4 Ke3 67. Kg3 Re6 68. Bf5 Ra6 69. Be4 Ra1 70. h5 Rg1+ 71. Kh3 Kf4 72. Bd5
Rg5 73. Bf7 Kxf3 74. Be8 Kf4 75. Bf7 Ra5 76. Bg6 Kg5 77. Be8 Ra1 78. Kh2 Ra3
79. Kg2 Kh4 80. Bf7 Ra5 0-1

[Event "e2e4 Bedford FIDE Open"]
[Site "?"]
[Date "2013.09.21"]
[Round "2.8"]
[White "Eggleston, David J"]
[Black "Eames, Robert S"]
[Result "1-0"]
[WhiteElo "2337"]
[BlackElo "2223"]
[PlyCount "63"]
[EventDate "2013.??.??"]

1. e4 e5 2. Nf3 Nc6 3. Bc4 Nf6 4. d3 Be7 5. O-O O-O 6. c3 d5 7. exd5 Nxd5 8. h3
Bf5 9. Re1 Bf6 10. Bb5 Nf4 11. Bxf4 exf4 12. d4 Qd5 13. Qb3 Qd6 14. Nbd2 a6 15.
Bf1 b5 16. Ne4 Qd8 17. a4 b4 18. a5 bxc3 19. bxc3 Re8 20. Nc5 Rxe1 21. Rxe1 g5
22. Bxa6 h5 23. Qa4 Rxa6 24. Nxa6 Bd7 25. Nc5 g4 26. Nxd7 Qxd7 27. a6 gxh3 28.
gxh3 Qd5 29. Kg2 Na7 30. Qe8+ Kg7 31. Qe4 Qc4 32. Qb7 1-0

[Event "e2e4.org.uk Bedford Open"]
[Site "Park Inn Hotel, Bedford, Engla"]
[Date "2013.09.21"]
[Round "2"]
[White "Arkell, Keith C"]
[Black "Maroroa, Sue"]
[Result "1-0"]
[WhiteElo "2451"]
[BlackElo "2099"]
[PlyCount "91"]
[EventDate "2013.??.??"]

1. c4 e5 2. Nc3 Nc6 3. g3 f5 4. Bg2 Nf6 5. Rb1 Bb4 6. Nd5 O-O 7. Nxb4 Nxb4 8.
Qb3 Nc6 9. e3 Qe8 10. Ne2 f4 11. f3 fxg3 12. hxg3 Qg6 13. d3 b6 14. Bd2 Bb7 15.
Rd1 Ne7 16. e4 Nc6 17. Be3 Nd4 18. Bxd4 exd4 19. c5+ Kh8 20. Qc4 Nh5 21. g4 Nf4
22. Nxf4 Rxf4 23. Qxd4 Bc6 24. Qe5 Raf8 25. cxb6 cxb6 26. Qh5 Qxh5 27. Rxh5 g6
28. Rh1 d5 29. Rd2 Bb5 30. b3 Kg7 31. a4 Ba6 32. Kf2 Rxg4 33. Ke3 Rgf4 34. Rc1
R4f7 35. d4 Bb7 36. Rdc2 h5 37. e5 Re7 38. f4 Ref7 39. Rc7 Rxc7 40. Rxc7+ Rf7
41. Rc1 a5 42. Bh3 g5 43. fxg5 Kg6 44. e6 Re7 45. Kf4 Re8 46. Bf5+ 1-0

[Event "e2e4.org.uk Bedford Open"]
[Site "Park Inn Hotel, Bedford, Engla"]
[Date "2013.09.21"]
[Round "2"]
[White "Gibson, Christopher A"]
[Black "Batchelor, Peter J"]
[Result "0-1"]
[WhiteElo "2014"]
[BlackElo "2132"]
[PlyCount "86"]
[EventDate "2013.??.??"]

1. d4 d5 2. c4 e6 3. Nc3 Be7 4. Nf3 Nf6 5. Bg5 O-O 6. e3 Nbd7 7. Rc1 c6 8. Bd3
h6 9. Bh4 dxc4 10. Bxc4 b5 11. Bd3 Bb7 12. O-O a6 13. a4 b4 14. Bxf6 Nxf6 15.
Ne4 Nd7 16. Nc5 Nxc5 17. dxc5 Qd5 18. Qe2 Rfd8 19. Rfd1 Qh5 20. Bc4 Rxd1+ 21.
Rxd1 Qxc5 22. h3 a5 23. Rd7 Bc8 24. Rd2 Ra7 25. b3 Rd7 26. Rxd7 Bxd7 27. Qd3
Qd6 28. Qxd6 Bxd6 29. Nd2 g5 30. Bd3 Kg7 31. Nc4 Bc7 32. Kf1 f5 33. Ke2 h5 34.
h4 gxh4 35. f4 Bc8 36. Nd2 c5 37. Bc4 e5 38. fxe5 Bxe5 39. Bd5 Kg6 40. Kf3 Kg5
41. e4 f4 42. Kf2 Bd4+ 43. Kf3 Bg4# 0-1

[Event "e2e4.org.uk Bedford Open"]
[Site "Park Inn Hotel, Bedford, Engla"]
[Date "2013.09.21"]
[Round "2"]
[White "Sathyanandha, Saravanan"]
[Black "Ukken, Somton"]
[Result "1/2-1/2"]
[WhiteElo "2127"]
[BlackElo "2008"]
[PlyCount "85"]
[EventDate "2013.??.??"]

1. e4 c5 2. c3 Nf6 3. e5 Nd5 4. d4 cxd4 5. Nf3 Nc6 6. Bc4 Nb6 7. Bb3 d6 8. exd6
Qxd6 9. O-O g6 10. Ng5 Be6 11. Bxe6 fxe6 12. Qf3 Qd5 13. Qf7+ Kd7 14. cxd4 Qf5
15. Nc3 h6 16. Qxf5 exf5 17. Nf7 Rh7 18. Ne5+ Nxe5 19. dxe5 e6 20. f4 Bc5+ 21.
Kh1 Kc6 22. b3 Rd8 23. a4 Rd3 24. Bb2 Rd2 25. Rab1 Nd5 26. Rfc1 Nxf4 27. b4 Nd3
28. bxc5 Rxb2 29. Rxb2 Nxb2 30. Nb5 a6 31. Nd4+ Kd5 32. c6 Rc7 33. Nc2 bxc6 34.
Nb4+ Kxe5 35. Nxa6 Rd7 36. Nb8 Rd1+ 37. Rxd1 Nxd1 38. a5 Kd6 39. a6 Kc7 40. a7
Kb7 41. Nxc6 Nc3 42. Nd8+ Kxa7 43. Nxe6 1/2-1/2

[Event "e2e4.org.uk Bedford Open"]
[Site "Park Inn Hotel, Bedford, Engla"]
[Date "2013.09.21"]
[Round "2"]
[White "Oyama, Akito"]
[Black "Goodger, Martyn"]
[Result "0-1"]
[WhiteElo "1990"]
[BlackElo "2111"]
[PlyCount "72"]
[EventDate "2013.??.??"]

1. e4 e5 2. Nf3 d6 3. d4 exd4 4. Nxd4 Nf6 5. Nc3 Be7 6. g3 Nc6 7. Bg2 Bd7 8.
O-O Nxd4 9. Qxd4 Bc6 10. Nd5 Bxd5 11. exd5 O-O 12. Be3 Nd7 13. c4 Bf6 14. Qd2
Ne5 15. Rac1 b6 16. b4 a5 17. a3 axb4 18. axb4 Ra4 19. c5 b5 20. cxd6 cxd6 21.
Rb1 Nc4 22. Qd3 Nxe3 23. Qxe3 Re8 24. Be4 g6 25. Qf3 Bg7 26. Bc2 Ra2 27. Qb3
Qa8 28. Qd3 Qb7 29. Bb3 Rae2 30. Rbc1 Qd7 31. Rc6 Qh3 32. Rxd6 Rxf2 33. Kxf2
Qxh2+ 34. Kf3 Be5 35. Rd7 Qxg3+ 36. Ke2 Bc3+ 0-1

[Event "e2e4.org.uk Bedford Open"]
[Site "Park Inn Hotel, Bedford, Engla"]
[Date "2013.09.21"]
[Round "2"]
[White "Mercs, Peter J"]
[Black "Fernandez, Michael"]
[Result "0-1"]
[WhiteElo "2106"]
[BlackElo "1942"]
[PlyCount "68"]
[EventDate "2013.??.??"]

1. e4 c5 2. Nf3 d6 3. d4 cxd4 4. Nxd4 Nf6 5. Nc3 g6 6. Be2 a6 7. O-O Bg7 8. Bg5
Nbd7 9. Nb3 b5 10. Bd3 Bb7 11. Qe2 O-O 12. Rad1 Rc8 13. a4 Rxc3 14. bxc3 bxa4
15. Nd4 Nc5 16. Bxf6 Bxf6 17. f4 Qa5 18. e5 dxe5 19. fxe5 Bg7 20. Nf3 Nxd3 21.
cxd3 Qxc3 22. d4 Bd5 23. Rfe1 Bh6 24. Qd3 Rc8 25. Qxa6 Rc4 26. e6 f6 27. Qb5
Be3+ 28. Kh1 Bxf3 29. Qe8+ Kg7 30. Qxe7+ Kh6 31. Qf8+ Kh5 32. gxf3 Bf4 33. Qa8
Rc6 34. Qxc6 Qxc6 0-1

[Event "e2e4.org.uk Bedford Open"]
[Site "Park Inn Hotel, Bedford, Engla"]
[Date "2013.09.21"]
[Round "2"]
[White "Bonafont, Philip R"]
[Black "Redman, David J"]
[Result "1-0"]
[WhiteElo "2033"]
[BlackElo "1797"]
[PlyCount "69"]
[EventDate "2013.??.??"]

1. d4 d5 2. Nf3 c5 3. c4 e6 4. cxd5 exd5 5. Nc3 Nc6 6. g3 Nf6 7. Bg2 Be7 8. O-O
O-O 9. dxc5 Bxc5 10. a3 d4 11. Na4 Be7 12. b4 Bg4 13. Bb2 b5 14. Rc1 Rc8 15.
Nc5 Bxc5 16. Rxc5 Ne4 17. Rxc6 Rxc6 18. Ne5 Rd6 19. Nxg4 Nc3 20. Qd3 Na4 21.
Ba1 Re8 22. Rd1 Qg5 23. Ne3 Red8 24. Nf5 R6d7 25. h4 Qg4 26. Qxb5 d3 27. Rxd3
Rxd3 28. exd3 Qd1+ 29. Kh2 Qxa1 30. Qxa4 Qe5 31. Be4 g6 32. Ne3 Qd4 33. Qa5 Rd7
34. Qc5 Qf6 35. Nd5 1-0

[Event "e2e4.org.uk Bedford Open"]
[Site "Park Inn Hotel, Bedford, Engla"]
[Date "2013.09.21"]
[Round "2"]
[White "Andreev, Peter"]
[Black "Merry, Alan B"]
[Result "0-1"]
[WhiteElo "2007"]
[BlackElo "2310"]
[PlyCount "58"]
[EventDate "2013.??.??"]

1. e4 e5 2. Nf3 Nc6 3. d4 exd4 4. Nxd4 Nf6 5. Nxc6 bxc6 6. e5 Qe7 7. Qe2 Nd5 8.
c4 Nb6 9. b3 a5 10. a3 g6 11. Bb2 Bg7 12. g3 Ba6 13. Nd2 d5 14. Qe3 O-O 15.
cxd5 Bxf1 16. Kxf1 cxd5 17. Kg2 c5 18. Rhe1 Rac8 19. Rac1 Rfd8 20. Nf3 a4 21.
Nd2 d4 22. Qe4 Qe6 23. bxa4 Qa2 24. Rb1 Nxa4 25. Qc2 Qd5+ 26. Nf3 Ra8 27. Rbc1
d3 28. Qd2 Nxb2 29. Qxb2 d2 0-1